000 01298nam a22003257i 4500
999 _c66442
_d66442
001 768714001
003 CO-MdFUSB
005 20200706105227.0
007 ta
008 200706t2003 us |||| |||| 00| 0 eng d
020 _a0971457697
040 _aCO-MdFUSB
_bspa
_cCO-MdFUSB
_dCO-MdFUSBC
_erda
041 _aeng
082 _223
_a791.43682
_bH636
100 _aHiggins, Gareth I.
_eautor
245 _aHow movies helped save my soul :
_bfinding spiritual fingerprints in culturally significant films
_c/ Gareth Higgins ; prólogo por Anthony Campolo
264 1 _aLake Mary, FL:
_bLibros relevantes,
_c[2003]
264 4 _c© 2003
300 _a256 páginas
_c; 23 cm
336 _2rdacontent
_atexto
_btxt
337 _2rdamedia
_asin mediación
_bn
338 _2rdacarrier
_avolumen
_bnc
505 _a1. Rosetta Stone del Dr. Higgins - 2. Antihéroes - 3. Quebrantamiento - 4. Conspiración - 5. Muerte - 6. Comunidad - 7. Miedo - 8. Dios - 9. Justicia - 10. Todo lo que necesitas es amor - 11. 1968-1975, Estados Unidos - 12. Misión - 13. Forasteros - 14. Poder - 15. Guerra - 16. Matriz.
563 _aRústico
653 _aPelículas - Aspectos religiosos.
700 _94559
_aCampolo, Anthony.
_eprologuista
942 _cBK
945 _aJTF-925